Burocracia publica (Registro nro. 4946)

Detalles MARC
000 -LEADER
fixed length control field 01300 a2200217 4500
001 - CONTROL NUMBER
control field 50084
005 - DATE AND TIME OF LATEST TRANSACTION
control field 20260407155801.0
008 - FIXED-LENGTH DATA ELEMENTS--GENERAL INFORMATION
fixed length control field 260407a1988 arg spa d
003 - CONTROL NUMBER IDENTIFIER
control field AR-UNSa-BCEJYS
040 ## - CATALOGING SOURCE
Original cataloging agency AR-UNSa-BCEJYS
Language of cataloging spa
Transcribing agency AR-UNSa-BCEJYS
080 ## - UNIVERSAL DECIMAL CLASSIFICATION NUMBER
Universal Decimal Classification number 35:004
Common auxiliary subdivision Administración Pública e Informática
020 ## - INTERNATIONAL STANDARD BOOK NUMBER
International Standard Book Number 87-7088-465-4
041 ## - LANGUAGE CODE
Language code of text/sound track or separate title spa
100 1# - MAIN ENTRY--PERSONAL NAME
Personal name Felcman, Isidoro Luis
245 10 - TITLE STATEMENT
Title Burocracia publica
Name of part/section of a work Tecnologia informática, transformación cultural y condicionantes políticos
264 #1 - PRODUCTION, PUBLICATION, DISTRIBUTION, MANUFACTURE, AND COPYRIGHT NOTICE
Place of production, publication, distribution, manufacture Madrid :
Name of producer, publisher, distributor, manufacturer Instituto Nacional de Administración Pública (INAP)
Date of production, publication, distribution, manufacture, or copyright notice 1988
300 ## - PHYSICAL DESCRIPTION
Extent 95 p.
Dimensions 21 cm.
505 ## - FORMATTED CONTENTS NOTE
Formatted contents note 1. Organizaciones del sector público: ¿La tecnología informática es clave para su transformación? - 2. Características del estudio y precisiones conceptuales - 3. Presentación global de los casos seleccionados: Síntesis de sus características más salientes - 4. Insumos de información - 5. Procesos, equipamiento y software - 6. Productos y usuarios - 7. Aspectos presupuestarios y costos - 8. Aspectos culturales - 9. Síntesis descriptiva de los casos analizados - 10. Análisis comparativo, reelaboración conceptual y planteo de las principales hipótesis - 11. Consideraciones finales -
590 ## - LOCAL NOTE (RLIN)
Local note niveau_biblio:m niveau_hierar:0
942 ## - ADDED ENTRY ELEMENTS (KOHA)
Koha item type
Existencias
Withdrawn status Lost status Damaged status Not for loan Home library Current library Shelving location Date acquired Total checkouts Full call number Barcode Date last seen Price effective from Koha item type
        Biblioteca Prof. Eusebio Cleto del Rey Biblioteca Prof. Eusebio Cleto del Rey   07/04/2026   35:004 F311 L58447 07/04/2026 07/04/2026 Libro